00220nam a2200085Ia 4500001000800000005001700008008004100025245004700066260002100113125060020251031150859.0251031s9999 xx 000 0 und d 0cHAKAN MENGÜÇaB-5 İYİ BENİ BULUR bDESTEK YAYINLARI